<?xml version="1.0" encoding="UTF-8"?><?xml-stylesheet type="text/xsl" href="static/style.xsl"?><OAI-PMH xmlns="http://www.openarchives.org/OAI/2.0/" xmlns:xsi="http://www.w3.org/2001/XMLSchema-instance" xsi:schemaLocation="http://www.openarchives.org/OAI/2.0/ http://www.openarchives.org/OAI/2.0/OAI-PMH.xsd"><responseDate>2026-04-30T00:24:09Z</responseDate><request verb="GetRecord" identifier="oai:uvadoc.uva.es:10324/77258" metadataPrefix="marc">https://uvadoc.uva.es/oai/request</request><GetRecord><record><header><identifier>oai:uvadoc.uva.es:10324/77258</identifier><datestamp>2025-09-15T11:47:41Z</datestamp><setSpec>com_10324_38</setSpec><setSpec>col_10324_852</setSpec></header><metadata><record xmlns="http://www.loc.gov/MARC21/slim" xmlns:doc="http://www.lyncode.com/xoai" xmlns:xsi="http://www.w3.org/2001/XMLSchema-instance" xmlns:dcterms="http://purl.org/dc/terms/" xsi:schemaLocation="http://www.loc.gov/MARC21/slim http://www.loc.gov/standards/marcxml/schema/MARC21slim.xsd">
<leader>00925njm 22002777a 4500</leader>
<datafield tag="042" ind1=" " ind2=" ">
<subfield code="a">dc</subfield>
</datafield>
<datafield tag="720" ind1=" " ind2=" ">
<subfield code="a">Carranza Morchón, Cristina</subfield>
<subfield code="e">author</subfield>
</datafield>
<datafield tag="260" ind1=" " ind2=" ">
<subfield code="c">2025</subfield>
</datafield>
<datafield tag="520" ind1=" " ind2=" ">
<subfield code="a">La comunicación corporativa es un elemento esencial para establecer una imagen clara y coherente de una organización, permitiendo que sus valores y mensajes lleguen de manera eficaz al público. En un entorno cada vez más cambiante, resulta imprescindible actualizar la identidad visual para asegurar que la comunicación siga siendo relevante, y adaptada a los nuevos medios y necesidades de los distintos públicos.&#xd;
Este Trabajo de Fin de Grado tiene como objetivo principal rediseñar la identidad visual corporativa de la Federación de Baloncesto de Castilla y León y la de sus delegaciones provinciales, con el fin de actualizar su imagen y mejorar su adaptación a los diferentes medios y formatos.&#xd;
El TFG se estructura en dos partes: una teórica, donde abordo conceptos clave relacionados con el marketing, la comunicación corporativa y la identidad visual; y una parte práctica, donde me centro en el caso de la Federación de Baloncesto de Castilla y León y en el rediseño de su imagen para el cual se realiza un diagnóstico de la situación actual mediante un análisis DAFO. Esto nos permitirá detectar debilidades y oportunidades para llevar a cabo una propuesta de restyling, que respete los valores tradicionales de la Federación pero que también resulte más atractiva.&#xd;
Como resultado, se diseña una imagen más moderna y adaptable y un manual de identidad corporativa que recoge las normas para una aplicación unificada y consistente de la marca en distintos soportes.</subfield>
</datafield>
<datafield tag="024" ind2=" " ind1="8">
<subfield code="a">https://uvadoc.uva.es/handle/10324/77258</subfield>
</datafield>
<datafield ind1=" " ind2=" " tag="653">
<subfield code="a">Deportes - Marketing</subfield>
</datafield>
<datafield tag="245" ind1="0" ind2="0">
<subfield code="a">Marketing Deportivo. Restyling de la Marca FBCyL</subfield>
</datafield>
</record></metadata></record></GetRecord></OAI-PMH>